British Battles-Sudden Death! - Statistics

General Stats
  • This quiz has been taken 49 times
  • The average score is 7 of 11
Answers on the Grid
Answers color-coded by a green-red scale on the quiz's grid according to % correct below.
Hastings
Trafalgar
Saratoga
Cowpens
Stalingrad
San Jacinto
Khe Sanh
Yorktown
Kursk
Prague
Somme
Mons
Dunkirk
Cannae
Fredericksburg
Crecy
Waterloo
Okinawa
Pearl Harbor
Tuyuti
 
Answer Stats
Answer % Correct
Hastings
95%
Waterloo
95%
Dunkirk
90%
Trafalgar
90%
Somme
77%
Yorktown
72%
Mons
54%
Crecy
51%
Cowpens
44%
Saratoga
38%
Okinawa
8%
No matching quizzes found
Score Distribution
Percent of People with Each Score
Percentile by Number Answered
Your Score History
You have not taken this quiz